[Event "Verbandsliga Nord Baden 0910"]
[Site "Germany"]
[Date "2010.01.31"]
[Round "6.4"]
[White "Belica, Matej"]
[Black "Schork, Stefan"]
[Result "1-0"]
[WhiteElo "2108"]
[BlackElo "2118"]
[PlyCount "71"]
[EventDate "2009.10.11"]
[EventType "team-tourn"]
[EventRounds "9"]
[EventCountry "GER"]
[SourceTitle "EXT 2011"]
[Source "ChessBase"]
[SourceDate "2010.11.26"]
[SourceVersion "1"]
[SourceVersionDate "2010.11.26"]
[SourceQuality "1"]
[WhiteTeam "Lindenhof"]
[BlackTeam "Untergrombach II"]
[WhiteTeamCountry "GER"]
[BlackTeamCountry "GER"]

1. a3 d5 2. Nf3 Nf6 3. g3 Bf5 4. Bg2 Qd7 5. Ne5 Qe6 6. d4 Bh3 7. Bf3 c6 8. Nd3 Qf5 9. c4 e6 10. Qb3 b6 11. cxd5 exd5 12. Nf4 Bg4 13. Bg2 Qd7 14. h3 Bf5 15. g4 Be4 16. f3 Bxb1 17. Rxb1 Bd6 18. Qe3+ Qe7 19. 0-0 Qxe3+ 20. Bxe3 Kd7 21. g5 Ne8 22. h4 h6 23. Bh3+ Kc7 24. g6 Rf8 25. gxf7 Rxf7 26. Ne6+ Kd7 27. Ng5+ Ke7 28. Nxf7 Kxf7 29. Rbc1 a6 30. Bd2 Ra7 31. e4 Re7 32. e5 Bc7 33. f4 Kg6 34. Bg4 Kh7 35. Bb4 Rf7 36. Be6 1-0

[Event "Verbandsliga Nord Baden 0910"]
[Site "Germany"]
[Date "2009.10.25"]
[Round "2.4"]
[White "Schork, Stefan"]
[Black "Hilzinger, Markus"]
[Result "0-1"]
[WhiteElo "2118"]
[BlackElo "2087"]
[PlyCount "92"]
[EventDate "2009.10.11"]
[EventType "team-tourn"]
[EventRounds "9"]
[EventCountry "GER"]
[SourceTitle "EXT 2011"]
[Source "ChessBase"]
[SourceDate "2010.11.26"]
[SourceVersion "1"]
[SourceVersionDate "2010.11.26"]
[SourceQuality "1"]
[WhiteTeam "Untergrombach II"]
[BlackTeam "Pforzheim"]
[WhiteTeamCountry "GER"]
[BlackTeamCountry "GER"]

1. e4 c5 2. Nc3 Nc6 3. Bb5 g6 4. Bxc6 dxc6 5. d3 Bg7 6. Be3 b6 7. Qd2 e5 8. f4 Nf6 9. Nf3 Ng4 10. Nxe5 Nxe5 11. fxe5 Qh4+ 12. Bf2 Qh5 13. Bg3 0-0 14. 0-0 Bxe5 15. Bxe5 Qxe5 16. Rae1 Be6 17. b3 Rad8 18. Ne2 c4 19. bxc4 Bxc4 20. Qb4 Be6 21. Nf4 Qd4+ 22. Qxd4 Rxd4 23. Nxe6 fxe6 24. Rb1 Ra4 25. Rb2 c5 26. Rxf8+ Kxf8 27. Kf2 Ke7 28. Ke3 Kf6 29. h4 Ra3 30. c4 Ke5 31. Rf2 h5 32. g3 b5 33. cxb5 c4 34. Rd2 cxd3 35. Rxd3 Rxa2 36. Rc3 Rb2 37. Rc5+ Kf6 38. Kf4 e5+ 39. Rxe5 Rf2+ 40. Ke3 Kxe5 41. Kxf2 Kd4 42. Kf3 Kc5 43. Kf4 Kxb5 44. Kg5 a5 45. Kxg6 a4 46. Kxh5 a3 0-1

[Event "Verbandsliga Nord Baden 0809"]
[Site "Germany"]
[Date "2009.02.08"]
[Round "6.3"]
[White "Sadewasser, Axel"]
[Black "Schork, Stefan"]
[Result "1-0"]
[WhiteElo "2216"]
[BlackElo "2115"]
[PlyCount "53"]
[EventDate "2008.09.28"]
[EventType "team"]
[EventRounds "9"]
[EventCountry "GER"]
[SourceTitle "EXT 2010"]
[Source "ChessBase"]
[SourceDate "2010.11.25"]
[SourceVersion "1"]
[SourceVersionDate "2010.11.25"]
[SourceQuality "1"]
[WhiteTeam "Ettlingen"]
[BlackTeam "Untergrombach II"]
[WhiteTeamCountry "GER"]
[BlackTeamCountry "GER"]

1. c4 e5 2. Nc3 Nf6 3. Nf3 Nc6 4. g3 d5 5. cxd5 Nxd5 6. Bg2 Nb6 7. 0-0 Be7 8. Rb1 g5 9. d3 g4 10. Nd2 h5 11. Nc4 h4 12. Be3 f6 13. Ne4 Be6 14. Qc1 Nd5 15. Nc5 Bxc5 16. Bxc5 Qd7 17. b4 0-0-0 18. Qa3 b6 19. b5 Nb8 20. Qxa7 bxc5 21. b6 Qh7 22. Bxd5 Rxd5 23. bxc7 Qxc7 24. Rxb8+ Qxb8 25. Nb6+ Qxb6 26. Qxb6 Bd7 27. Rb1 1-0

[Event "BL2-Sued 0809"]
[Site "Germany"]
[Date "2009.01.18"]
[Round "5.8"]
[White "Otte, Marco"]
[Black "Schork, Stefan"]
[Result "1/2-1/2"]
[WhiteElo "2240"]
[BlackElo "2115"]
[PlyCount "131"]
[EventDate "2008.10.05"]
[EventType "team-tourn"]
[EventRounds "9"]
[EventCountry "GER"]
[SourceTitle "CBM 129 Extra"]
[Source "ChessBase"]
[SourceDate "2009.05.05"]
[SourceVersion "2"]
[SourceVersionDate "2009.05.20"]
[SourceQuality "1"]
[WhiteTeam "Muenchen Tarrasch"]
[BlackTeam "Untergrombach"]
[WhiteTeamCountry "GER"]
[BlackTeamCountry "GER"]

1. e4 c5 2. Nc3 Nc6 3. f4 g6 4. Nf3 Bg7 5. Bb5 Nd4 6. 0-0 Nxb5 7. Nxb5 Nf6 8. d3 0-0 9. f5 d5 10. fxg6 hxg6 11. e5 Ng4 12. Qe1 f6 13. h3 Nxe5 14. Nxe5 fxe5 15. Rxf8+ Kxf8 16. Qf2+ Kg8 17. Qxc5 Be6 18. Nc7 Rc8 19. Nxe6 Qd7 20. Qxa7 Qxe6 21. c3 d4 22. Bd2 e4 23. dxe4 dxc3 24. Bxc3 Bxc3 25. bxc3 Qxe4 26. Qd4 Qxd4+ 27. cxd4 Rc2 28. Rb1 Rxa2 29. Rxb7 Rd2 30. Rxe7 Rxd4 31. Kf2 Ra4 32. Kg3 Rb4 33. Kf3 Ra4 34. g3 Rb4 35. Ra7 Rc4 36. h4 Rb4 37. Re7 Ra4 38. g4 Rb4 39. Re4 Rb7 40. Kf4 Kg7 41. Rc4 Rb5 42. Rc7+ Kg8 43. Re7 Ra5 44. Re5 Ra7 45. Kg5 Kg7 46. Rb5 Rc7 47. Re5 Ra7 48. Rd5 Rb7 49. Rd4 Ra7 50. Kf4 Ra5 51. g5 Rb5 52. Ke4 Ra5 53. Kd3 Rb5 54. Rd7+ Kg8 55. Ke4 Ra5 56. Rd5 Ra4+ 57. Ke5 Rxh4 58. Kf6 Rf4+ 59. Kxg6 Rf8 60. Rd7 Ra8 61. Rg7+ Kh8 62. Kh6 Ra6+ 63. Rg6 Ra8 64. Rb6 Kg8 65. Kg6 Rc8 66. Ra6 1/2-1/2